PC-Marken/Begriffe Quiz - Statistiken

Allgemein
  • Dieses Quiz wurde 244 mal gespielt
  • Das Durchschnittsergebnis liegt bei 8 aus 15
Antwortstatistiken
Hinweis Antwort % Korrekt
Stellt "Core" Prozessoren her Intel
94%
Stellt Grafikkarten namens "GeForce" her Nvidia
91%
Stellt PCs wie den iMac her Apple
83%
Dieses Unternehmen hat Windows entwickelt Microsoft
83%
Stellt seit 1975 Prozessoren her AMD
80%
Hat eine Produktserie mit der Abkürzung "ROG" Asus
63%
Name der Raytracing Grafikkarten, Nachfolger von GTX RTX
61%
Hat einen Drachen als Wappen oder Logo MSI
49%
Für sehr teure aber gute Netzteile wie Straight Power 11 bekannt bequiet
41%
häufigster Mainboard Größenfaktor ATX
39%
benannt nach einer Speichereinheit Gigabyte
39%
Die neuesten Modelle von AMD Grafikkarten Radeon
33%
Eigentliche Bedeutung von HP Hewlett Packard
31%
Stellt "Ql" oder "Ll" Lüfter her Corsair
30%
So heißen Netzteile in der Fachsprache PSU
29%
Keine übereinstimmenden Quizze gefunden
Verteilung der Resultate
Anzahl Personen mit jedem Resultat
Perzentil nach korrekt beantworteten Fragen
Ihre Resultats-Entwicklung
Sie haben dieses Quiz noch nicht gespielt